Sports Quiz

Random Sports or Canada Quiz
Score 0/16 Timer 03:00
0 Plays Today
% Correct
Travis Lulay
80.3%
Henry Burris
80.3%
Ricky Ray
80.3%
Darian Durant
76.1%
Anthony Calvillo
74.6%
Drew Tate
60.6%
Buck Pierce
60.6%
Steven Jyles
40.8%
% Correct
North Carolina
29.6%
Temple
26.8%
Utah State
26.8%
Montana State
23.9%
Iowa
23.9%
Sacramento State
21.1%
New Mexico State
16.9%
UL Monroe
12.7%
Remove Ads.
Support Sporcle.
Get the best of Sporcle when you Go Orange. This ad-free experience offers more features, more stats, and more fun while also helping to support Sporcle. Thank you for becoming a member.

You're not logged in!

Compare scores with friends on all Sporcle quizzes.
OR
Log In

Show Comments

Extras

Top Quizzes Today


Score Distribution

Your Account Isn't Verified!

In order to create a playlist on Sporcle, you need to verify the email address you used during registration. Go to your Sporcle Settings to finish the process.

Report this User

Report this user for behavior that violates our Community Guidelines.

Details: